Habitants de Morio dans Jojo's Bizarre Adventure (Partie 4) - Statistiques

Statistiques générales
  • Ce quiz a été pris 17 fois
  • Le résultat moyen est 17 sur 28
Statistiques - réponses
Par images Réponse % Correct
Koichi Hirose
100%
Josuke Higashikata
94%
Okuyasu Nijimura
94%
Yoshihiro Kira
94%
Yoshikage Kira
94%
Angelo Katagiri
88%
Rohan Kishibe
88%
Yukako Yamagishi
88%
Aya Tsuji
81%
Tonio Trussardi
81%
Hayato Kawajiri
75%
Reimi Sugimoto
75%
Keicho Nijimura
69%
Shigekiyo Yangu
63%
Tama
63%
Tomoko Higashikata
63%
Akira Otoishi
50%
Shizuka Joestar
50%
Toshikazu Hazamada
44%
Kosaku Kawajiri
38%
Tamami Kobayashi
38%
Yuya Fungami
38%
Arnold
31%
Ken Oyanagi
31%
Shinobu Kawajiri
25%
Masazo Kinoto
19%
Terunosuke Miyamoto
19%
Toyohiro Kanedaichi
13%
Aucun quiz correspondant
Distribution des résultats
% des personnes avec chaque résultat
Percentile par nombre de réponses
Votre historique - résultats
Vous n’avez pas pris ce quiz